Premier League Appearances by Nationality: Portugal - Statistics

General Stats
  • This quiz has been taken 37 times
  • The average score is 5 of 10
Answer Stats
Appearances Player % Correct
236 Cristiano Ronaldo
100%
290 Bernardo Silva
79%
216 Bruno Fernandes
76%
190 Diogo Jota
73%
177 Ruben Neves
58%
175 Joao Moutinho
45%
170 Pedro Neto
27%
178 Jose Fonte
6%
296 Luis Boa Morte
6%
167 Cedric Soares
3%
No matching quizzes found
Score Distribution
Percent of People with Each Score
Percentile by Number Answered
Your Score History
You have not taken this quiz